| 000 | 00484nam a22001697a 4500 | ||
|---|---|---|---|
| 005 | 20250426141543.0 | ||
| 008 | 250426b |||||||| |||| 00| 0 eng d | ||
| 041 | _amar | ||
| 082 |
_a891.46 _bGIT B22607 |
||
| 100 |
_aGite V _9211947 |
||
| 245 |
_aSamajik Samata ani Sangh : _bDr. Mohan Bhagavat yanche Nagpur yethil bhashan |
||
| 260 |
_aPune _bBharatiya Vichar Sadhana Prakashan _c2016 |
||
| 300 | _a24p | ||
| 500 | _aMarathi Literature | ||
| 500 | _aLiterature | ||
| 942 | _cBK | ||
| 999 |
_c365994 _d365994 |
||